000 00781nam a2200265Ia 4500
003 OSt
005 20221006160146.0
006 a|||||r|||| 00| 0
007 ta
008 221006b |||||||| |||| 00| 0 eng d
020 _a9788988095584
_c
_7.00
024 _a44,475
037 _bGift, KCC (Window on Korea)
_cTextual
040 _aEASL
_cEASL
_beng
041 _2eng
_aeng
082 _aO495,3N13, K1
100 _aKim Dong-ni
_9672149
245 0 _aCry of the magpies
260 _aSeoul
_bJimoondang
_c2002
300 _a90p.
_ccm.
490 _v KEL
_a(Short fiction) The portable library of Korean literature No.3
650 _aKEL
942 _hO495,3N13, K1
_cTEXL
_2CC
999 _c1112567
_d1112567